Dôchodková reforma v Nemecku
Nemecký dôchodkový systém je typickým príkladom zložitosti zaradenia a kategorizácie jednotlivých dôchodkových systémov. Systém je trojpilierový. Najväčším prínosom nemeckého dôchodkového systému je graduálnosť a automatická adaptácia na demografické a ekonomické zmeny.
Saved in:
| Main Author: | |
|---|---|
| Other Authors: | |
| Format: | Book Chapter |
| Language: | Slovak |
| Subjects: | |
| Tags: |
No Tags, Be the first to tag this record!
|
MARC
| LEADER | 00000nla a2200000 4500 | ||
|---|---|---|---|
| 001 | 0240678 | ||
| 005 | 20240712112455.6 | ||
| 041 | 0 | |a slo | |
| 044 | |a SK | ||
| 245 | 1 | 0 | |a Dôchodková reforma v Nemecku |c Karol Trnovský, Ján Toma |
| 520 | |a Nemecký dôchodkový systém je typickým príkladom zložitosti zaradenia a kategorizácie jednotlivých dôchodkových systémov. Systém je trojpilierový. Najväčším prínosom nemeckého dôchodkového systému je graduálnosť a automatická adaptácia na demografické a ekonomické zmeny. | ||
| 610 | 2 | 0 | |a systémy dôchodkové |
| 610 | 2 | 0 | |a dôchodky starobné |
| 610 | 2 | 0 | |a reformy dôchodkové |
| 610 | 2 | 0 | |a Nemecko |
| 100 | 1 | |a Trnovský, Karol, 1983- | |
| 700 | 1 | |a Toma, Ján | |